| 000 | 01467cam a2200349 i 4500 | ||
|---|---|---|---|
| 001 | 17319174 | ||
| 003 | OSt | ||
| 005 | 20260122131149.0 | ||
| 008 | 120525s2012 vau b 001 0 eng | ||
| 010 | _a 2012018764 | ||
| 020 |
_a9781416614401 _qpbk. : alk. paper |
||
| 035 | _a17319174 | ||
| 040 |
_aDLC _beng _cDLC _erda _dDLC |
||
| 042 | _apcc | ||
| 050 | 0 | 0 |
_aLB1025.3 _b.D68 2012 |
| 082 | 0 | 0 |
_a371.102 _223 |
| 100 | 1 |
_aDougherty, Eleanor, _d1947- _eauthor. |
|
| 245 | 1 | 0 |
_aAssignments matter : _bmaking the connections that help students meet standards / _cEleanor Dougherty. |
| 264 | 1 |
_aAlexandria, Virginia, USA : _bASCD, _c[2012] |
|
| 300 |
_avii, 190 pages ; _c23 cm |
||
| 336 |
_atext _2rdacontent |
||
| 337 |
_aunmediated _2rdamedia |
||
| 338 |
_avolume _2rdacarrier |
||
| 504 | _aIncludes bibliographical references (pages 181-184) and index. | ||
| 505 | 0 | _aWhy assignments matter -- The basics -- Crafting an assignment -- Instruction -- Sequencing assignments to design units and courses -- Anchor assignments -- Environments that make assignments matter -- Assignments as data. | |
| 650 | 0 | _aEffective teaching. | |
| 650 | 0 | _aLearning. | |
| 650 | 0 |
_aEducation _xAims and objectives. |
|
| 906 |
_a7 _bcbc _corignew _d1 _eecip _f20 _gy-gencatlg |
||
| 942 |
_2lcc _cBK |
||
| 999 |
_c265753 _d265752 |
||